مكتبة جامعة عجلون الوطنية

فهرس بحث المكتبة

Normal view MARC view
  • اللغة العربية -- معاجم

Entry Topical Term

Number of records used in: 1

001 - CONTROL NUMBER

  • control field: 11503

003 - CONTROL NUMBER IDENTIFIER

  • control field: JO-AjAnu

005 - DATE AND TIME OF LATEST TRANSACTION

  • control field: 20230606072139.0

008 - FIXED-LENGTH DATA ELEMENTS

  • fixed length control field: 230606|| aca||aabn | a|a d

040 ## - CATALOGING SOURCE

  • Original cataloging agency: JO-AjAnu
  • Transcribing agency: JO-AjAnu

150 ## - HEADING--TOPICAL TERM

  • Topical term or geographic name entry element: اللغة العربية -- معاجم

670 ## - SOURCE DATA FOUND

  • Source citation: Work cat.: (JO-AjAnu)5926: تأليف الزبيدي، محمد مرتضى بن محمد الحسيني ؛ عبد المنعم خليل إبراهيم ، كريم سيد محمد محمود/اعتنوا به ووضعوا حواشية, author 11502, تاج العروس من جواهر القاموس